[Event "CYCC U12"]
[Site "Regina CAN"]
[Date "2019.07.07"]
[Round "2.86"]
[White "Srinivas, Atharva"]
[Black "Hu, Raymond"]
[Result "1-0"]
[WhiteElo "1742"]
[BlackElo "1504"]
[PlyCount "75"]
[EventDate "2019.07.07"]
[EventType "swiss"]
[EventRounds "7"]
[EventCountry "CAN"]

1. e4 c5 2. Nc3 Nc6 3. g3 d6 4. Bg2 e6 5. d3 Nf6 6. f4 Be7 7. Nf3 Bd7 8. O-O a6
9. a3 Qc7 10. Re1 h5 11. h3 e5 12. Nd5 Qd8 13. Nxe7 Qxe7 14. fxe5 Nxe5 15. Nxe5
Qxe5 16. Qf3 Bc6 17. Qf4 Qd4+ 18. Qe3 Qe5 19. Qf4 Qd4+ 20. Be3 Qxb2 21. Qxd6
Qb6 22. Bxc5 Qd8 23. Qe5+ Kd7 24. h4 Rg8 25. Bh3+ Ng4 26. Qxh5 Kc7 27. Qxg4 b6
28. Qf4+ Kb7 29. Qxf7+ Qc7 30. Qxc7+ Kxc7 31. Bd4 Rad8 32. Be3 b5 33. Rf1 Rdf8
34. Rxf8 Rxf8 35. Bd4 Rf7 36. Rf1 Re7 37. Bc5 Re8 38. Rf7+ 1-0

[Event "CYCC U12"]
[Site "Regina CAN"]
[Date "2019.07.07"]
[Round "2.88"]
[White "Srinivasan, Hemant"]
[Black "Pathak, Pranav"]
[Result "1-0"]
[WhiteElo "1911"]
[BlackElo "1260"]
[PlyCount "79"]
[EventDate "2019.07.07"]
[EventType "swiss"]
[EventRounds "7"]
[EventCountry "CAN"]

1. d4 d5 2. c4 e6 3. Nc3 Nf6 4. Nf3 Be7 5. Bf4 c5 6. e3 O-O 7. cxd5 exd5 8. Bd3
b6 9. Rc1 Bb7 10. O-O Nc6 11. Ne5 Nxe5 12. Bxe5 Bd6 13. Qc2 h6 14. Bxd6 Qxd6
15. Nb5 Qe7 16. dxc5 Rac8 17. b4 a6 18. Nd6 Rc6 19. Nxb7 Qxb7 20. Qe2 bxc5 21.
bxc5 Nd7 22. Rc3 Rfc8 23. Rb1 Qa7 24. Bf5 R8c7 25. Qd3 Nf6 26. Rcb3 Kf8 27.
Rb8+ Ke7 28. Rh8 Qxc5 29. g3 Qc4 30. Qa3+ Qc5 31. Qb2 Qc3 32. Qb8 Nd7 33. Bxd7
Kxd7 34. Qd8+ Ke6 35. Re8+ Kf5 36. Qxd5+ Kf6 37. Qf3+ Kg6 38. Qg4+ Kf6 39. e4
Rc5 40. Rb6+ 1-0

[Event "CYCC U12"]
[Site "Regina CAN"]
[Date "2019.07.07"]
[Round "2.89"]
[White "Shan, Eric"]
[Black "Lin, Joey"]
[Result "0-1"]
[WhiteElo "902"]
[BlackElo "1255"]
[PlyCount "110"]
[EventDate "2019.07.07"]
[EventType "swiss"]
[EventRounds "7"]
[EventCountry "CAN"]

1. e4 c5 2. Nf3 d6 3. d4 cxd4 4. Nxd4 Nf6 5. Nc3 a6 6. Bc4 e6 7. Bg5 Be7 8. O-O
O-O 9. Bxf6 Bxf6 10. Re1 Nc6 11. Nxc6 bxc6 12. Qd2 Rb8 13. Rab1 d5 14. exd5
cxd5 15. Bd3 Bb7 16. f4 Bd4+ 17. Kh1 Qh4 18. Bxh7+ Qxh7 19. Qxd4 Qxc2 20. f5
Qxf5 21. Re5 Qf6 22. Rbe1 Rbc8 23. Rd1 Rc4 24. Qe3 d4 25. Rxd4 Qf1+ 26. Qg1
Qxg1+ 27. Kxg1 Rxd4 28. h3 Rd2 29. Re2 Rxe2 30. Nxe2 Bd5 31. a3 Rb8 32. Nf4
Rxb2 33. Nxd5 exd5 34. Kh2 Ra2 35. h4 Rxa3 36. h5 Ra2 37. h6 gxh6 38. Kh3 Rxg2
39. Kxg2 a5 40. Kf2 a4 41. Ke2 h5 42. Kd2 h4 43. Kc3 h3 44. Kb4 h2 45. Kxa4
h1=Q 46. Kb4 Qc1 47. Kb3 Kf8 48. Ka2 Qc3 49. Kb1 Qd2 50. Ka1 Ke7 51. Kb1 f5 52.
Ka1 f4 53. Kb1 f3 54. Ka1 f2 55. Kb1 f1=R# 0-1

[Event "CYCC U12"]
[Site "Regina CAN"]
[Date "2019.07.07"]
[Round "2.90"]
[White "Zhang, Raymond Tangning"]
[Black "Boucher, Samuel"]
[Result "1-0"]
[WhiteElo "1226"]
[BlackElo "898"]
[PlyCount "57"]
[EventDate "2019.07.07"]
[EventType "swiss"]
[EventRounds "7"]
[EventCountry "CAN"]

1. d4 d5 2. Nf3 Nc6 3. Bf4 Nf6 4. e3 e6 5. Nbd2 Bb4 6. c3 Ba5 7. Bd3 O-O 8. O-O
b6 9. b4 e5 10. Nxe5 Nxe5 11. Bxe5 Ng4 12. Nf3 Nxe5 13. Nxe5 f6 14. Nf3 Bg4 15.
bxa5 bxa5 16. c4 Qd6 17. Rc1 f5 18. cxd5 Rac8 19. Qe2 Rf6 20. h3 Bxf3 21. Qxf3
Qa3 22. Bc4 Qd6 23. Qg3 f4 24. exf4 Rxf4 25. Qe3 Rcf8 26. Qe6+ Qxe6 27. dxe6
Re4 28. e7+ Kh8 29. exf8=Q# 1-0

[Event "CYCC U12"]
[Site "Regina CAN"]
[Date "2019.07.07"]
[Round "2.91"]
[White "Rocan, Felix"]
[Black "Han, Yi"]
[Result "1-0"]
[WhiteElo "1150"]
[BlackElo "738"]
[PlyCount "32"]
[EventDate "2019.07.07"]
[EventType "swiss"]
[EventRounds "7"]
[EventCountry "CAN"]

1. e4 e6 2. d4 d5 3. Nc3 dxe4 4. Nxe4 Nc6 5. Nf3 Nf6 6. Bg5 Be7 7. Bxf6 Bxf6 8.
c3 O-O 9. Bd3 Re8 10. Bc2 e5 11. d5 Ne7 12. d6 cxd6 13. Nxd6 Be6 14. Nxe8 Qxe8
15. Qd3 Rd8 16. Qxh7+ Kf8 {illegal move (O-O-O)} 1-0

[Event "CYCC U12"]
[Site "Regina CAN"]
[Date "2019.07.07"]
[Round "2.92"]
[White "Zeng, Gordon"]
[Black "Pan, Thomas"]
[Result "0-1"]
[WhiteElo "780"]
[BlackElo "1137"]
[PlyCount "82"]
[EventDate "2019.07.07"]
[EventType "swiss"]
[EventRounds "7"]
[EventCountry "CAN"]

1. e4 c5 2. Nf3 Nc6 3. Nc3 Nf6 4. d4 cxd4 5. Nxd4 Qb6 6. Be3 Qxb2 7. Nce2 e6 8.
c3 Nxd4 9. Bxd4 Be7 10. g3 Nxe4 11. Bg2 Nf6 12. O-O d5 13. c4 Qb4 14. cxd5 exd5
15. Nf4 Bg4 16. Qd3 O-O 17. Nxd5 Nxd5 18. Bxd5 Rad8 19. Qe4 Be6 20. Bxe6 Rxd4
21. Bxf7+ Rxf7 22. Qe6 Rd6 23. Qc8+ Rf8 24. Qc7 Rc6 25. Qd7 Kh8 26. Rfe1 Bc5
27. Rab1 Qa3 28. Rf1 Rb6 29. Rxb6 Bxb6 30. Qxb7 h6 31. Qc6 Qxa2 32. Qd6 Kg8 33.
Qe5 Qb3 34. Qe4 a5 35. Rb1 Bxf2+ 36. Kg2 Qa2 37. Kh3 a4 38. Rf1 a3 39. Qg2 Qe2
40. Qd5+ Kh8 41. Qg2 Qh5# 0-1

[Event "CYCC U12"]
[Site "Regina CAN"]
[Date "2019.07.07"]
[Round "2.93"]
[White "Levesque, Remy"]
[Black "Zhang, Justin"]
[Result "0-1"]
[WhiteElo "1047"]
[BlackElo "536"]
[PlyCount "83"]
[EventDate "2019.07.07"]
[EventType "swiss"]
[EventRounds "7"]
[EventCountry "CAN"]

1. e4 e5 2. Nc3 Nc6 3. d3 Nf6 4. Bg5 Bb4 5. Bxf6 Qxf6 6. a3 Bxc3+ 7. bxc3 O-O
8. Nf3 d6 9. Rb1 b6 10. g3 Bg4 11. Bg2 Bxf3 12. Bxf3 Rab8 13. d4 exd4 14. cxd4
Nxd4 15. Bg4 a5 16. c3 Ne6 17. Rb5 Qxc3+ 18. Qd2 Qa1+ 19. Bd1 Nd4 20. Rh5 Nf3+
21. Ke2 Nxd2 22. Kxd2 Qb2+ 23. Bc2 d5 24. Rxd5 Rfd8 25. Rb1 Rxd5+ 26. exd5 Qd4+
27. Bd3 Qxf2+ 28. Kc1 Qc5+ 29. Kd2 Re8 30. Rb5 Qe3+ 31. Kc3 Re4 32. d6 cxd6 33.
Rd5 a4 34. Rxd6 Qc1+ 35. Bc2 Qxa3+ 36. Kd2 Qxd6+ 37. Bd3 Rd4 38. h4 Rxd3+ 39.
Kc2 Rd5 40. Kb2 Rd3 41. g4 Qh2+ 42. Kc1 0-1

[Event "CYCC U12"]
[Site "Regina CAN"]
[Date "2019.07.07"]
[Round "2.94"]
[White "Yim, Warren"]
[Black "Levac, Guillaume"]
[Result "1-0"]
[WhiteElo "697"]
[BlackElo "914"]
[PlyCount "71"]
[EventDate "2019.07.07"]
[EventType "swiss"]
[EventRounds "7"]
[EventCountry "CAN"]

1. e4 Nf6 2. Nc3 e5 3. Nf3 Nc6 4. Bc4 d6 5. O-O a6 6. d3 Bg4 7. Bg5 b5 8. Bb3
h6 9. Bh4 g5 10. Bg3 d5 11. exd5 Nxd5 12. Bxd5 Bxf3 13. Qxf3 Qe7 14. Bxc6+ Kd8
15. Bxa8 Qe6 16. Qd5+ Qxd5 17. Nxd5 Bd6 18. Rfe1 e4 19. Bxd6 cxd6 20. Rxe4 Kd7
21. Re7+ Kd8 22. Rb7 Kc8 23. Ne7+ Kd8 24. Rb8+ Kxe7 25. Rxh8 Kf6 26. Rxh6+ Ke7
27. Re1+ Kd7 28. Rh7 Kc7 29. Rxf7+ Kb6 30. Re6 Kc5 31. Bb7 a5 32. Rf5+ Kb6 33.
Rxd6+ Kxb7 34. Rf7+ Kc8 35. Rh6 b4 36. Rh8# 1-0

[Event "CYCC U12"]
[Site "Regina CAN"]
[Date "2019.07.08"]
[Round "3.82"]
[White "Sharma, Vishruth"]
[Black "Ajith, Aayush"]
[Result "1/2-1/2"]
[WhiteElo "1765"]
[BlackElo "1810"]
[PlyCount "48"]
[EventDate "2019.07.07"]
[EventType "swiss"]
[EventRounds "7"]
[EventCountry "CAN"]

1. e4 c5 2. Nf3 d6 3. d4 cxd4 4. Nxd4 Nf6 5. Nc3 a6 6. f3 e5 7. Nb3 Be6 8. Be3
Be7 9. Qd2 Nbd7 10. O-O-O Qc7 11. g4 b5 12. g5 Nh5 13. Kb1 O-O 14. Ne2 f6 15.
Ng3 Nf4 16. Bxf4 exf4 17. Nd4 Bf7 18. Ngf5 Ne5 19. Nxe7+ Qxe7 20. Nf5 Qe6 21.
b3 fxg5 22. Qg2 Bg6 23. Rxd6 Qf7 24. Rd5 Qf6 1/2-1/2

[Event "CYCC U12"]
[Site "Regina CAN"]
[Date "2019.07.08"]
[Round "3.83"]
[White "Xu, Daniel"]
[Black "Srinivas, Atharva"]
[Result "1-0"]
[WhiteElo "2098"]
[BlackElo "1742"]
[PlyCount "67"]
[EventDate "2019.07.07"]
[EventType "swiss"]
[EventRounds "7"]
[EventCountry "CAN"]

1. d4 d5 2. c4 c6 3. Nf3 Nf6 4. Qc2 e6 5. Bf4 Nbd7 6. e3 Be7 7. h3 O-O 8. Nc3
b6 9. Bd3 Bb7 10. O-O dxc4 11. Bxc4 c5 12. Qe2 cxd4 13. exd4 Nb8 14. Rfe1 Nd5
15. Bh2 Bf6 16. Ne4 Nc6 17. Nd6 Bc8 18. Qe4 Nce7 19. Rac1 Bd7 20. Nb7 Qe8 21.
Ne5 g6 22. Nd6 Qd8 23. Nxd7 a6 24. Nxf8 Qxf8 25. Bxd5 Nxd5 26. Rc6 Qe7 27. Rec1
Kg7 28. Rc8 Rxc8 29. Rxc8 Qd7 30. Be5 Bxe5 31. dxe5 Ne7 32. Ra8 a5 33. Ne8+ Kh6
34. Qh4# 1-0

[Event "CYCC U12"]
[Site "Regina CAN"]
[Date "2019.07.08"]
[Round "3.84"]
[White "Zhu, Matthew"]
[Black "Srinivasan, Hemant"]
[Result "1/2-1/2"]
[WhiteElo "1863"]
[BlackElo "1911"]
[PlyCount "58"]
[EventDate "2019.07.07"]
[EventType "swiss"]
[EventRounds "7"]
[EventCountry "CAN"]

1. e4 c6 2. d4 d5 3. Nc3 dxe4 4. Nxe4 Bf5 5. Ng3 Bg6 6. h4 h6 7. h5 Bh7 8. Nf3
e6 9. Bd3 Bxd3 10. Qxd3 Nd7 11. Bf4 Qa5+ 12. Bd2 Qc7 13. O-O-O Ngf6 14. Rde1
O-O-O 15. Re2 Nc5 16. Qc3 Ncd7 17. Ne4 Nxe4 18. Rxe4 Nf6 19. Re2 Bd6 20. Ne5
Kb8 21. Rh4 Nd5 22. Qb3 Be7 23. Rg4 Bg5 24. Qf3 Nf6 25. Bxg5 hxg5 26. Rxg5 Rxd4
27. Rxg7 Rxh5 28. g3 Rxe5 29. Qxf6 Red5 1/2-1/2

[Event "CYCC U12"]
[Site "Regina CAN"]
[Date "2019.07.08"]
[Round "3.85"]
[White "Qin, Kevin"]
[Black "Chen, Ricky"]
[Result "1-0"]
[WhiteElo "1676"]
[BlackElo "1544"]
[PlyCount "73"]
[EventDate "2019.07.07"]
[EventType "swiss"]
[EventRounds "7"]
[EventCountry "CAN"]

1. Nf3 Nf6 2. c4 g6 3. g3 Bg7 4. Bg2 O-O 5. O-O d6 6. Nc3 e5 7. d3 c6 8. Rb1
Nbd7 9. b4 d5 10. Bg5 Qc7 11. Bxf6 Nxf6 12. cxd5 Nxd5 13. Nxd5 cxd5 14. Nd2 Be6
15. Qa4 f5 16. Rfc1 Qf7 17. Rc2 a6 18. Rbc1 Rac8 19. Qa5 e4 20. Rc7 Qf6 21. Qb6
Rxc7 22. Rxc7 Qa1+ 23. Nf1 Bc8 24. Rxc8 Qxa2 25. Qe6+ Kh8 26. Rxf8+ Bxf8 27.
Qf6+ Kg8 28. Qe6+ Kh8 29. dxe4 fxe4 30. Qf6+ Kg8 31. Bh3 h5 32. Be6+ Kh7 33.
Qxf8 Qa1 34. Bg8+ Kh8 35. Bf7+ Kh7 36. Qg8+ Kh6 37. Qxg6# 1-0

[Event "CYCC U12"]
[Site "Regina CAN"]
[Date "2019.07.08"]
[Round "3.86"]
[White "Zhang, Justin"]
[Black "Locham, Divjot"]
[Result "0-1"]
[WhiteElo "536"]
[BlackElo "1666"]
[PlyCount "52"]
[EventDate "2019.07.07"]
[EventType "swiss"]
[EventRounds "7"]
[EventCountry "CAN"]

1. e4 e5 2. Nf3 Nc6 3. Nc3 Nf6 4. Bb5 a6 5. Bxc6 dxc6 6. O-O Bd6 7. d3 Bg4 8.
Bg5 h6 9. Bxf6 Qxf6 10. h3 Bh5 11. g4 Bg6 12. d4 exd4 13. Nxd4 Qf4 14. Nf3
O-O-O 15. Qe2 h5 16. e5 hxg4 17. Rfd1 gxf3 18. Rd4 Qxd4 19. Qxf3 Qxe5 20. Qg4+
Bf5 21. Qxg7 Qxg7+ 22. Kf1 Bxh3+ 23. Ke2 Rhe8+ 24. Kd3 Bc5+ 25. Kc4 Qd4+ 26.
Kb3 Qb4# 0-1

[Event "CYCC U12"]
[Site "Regina CAN"]
[Date "2019.07.08"]
[Round "3.87"]
[White "Offengenden, Ron"]
[Black "Zhang, Raymond Tangning"]
[Result "1-0"]
[WhiteElo "1635"]
[BlackElo "1226"]
[PlyCount "99"]
[EventDate "2019.07.07"]
[EventType "swiss"]
[EventRounds "7"]
[EventCountry "CAN"]

1. e4 e6 2. d4 d5 3. e5 c5 4. c3 Nc6 5. Nf3 h6 6. Bd3 b6 7. Be3 cxd4 8. Bxd4
Nxd4 9. cxd4 Ne7 10. Nbd2 Nc6 11. Rc1 Nb4 12. Bb1 Ba6 13. a3 Nd3+ 14. Bxd3 Bxd3
15. Rc3 Bg6 16. Qa4+ Qd7 17. Qxd7+ Kxd7 18. O-O Be7 19. Rfc1 Rac8 20. Kf1 Rxc3
21. Rxc3 Rc8 22. Rxc8 Kxc8 23. Ke1 Kc7 24. g3 Bh5 25. Kd1 Bg5 26. Kc2 Be7 27.
Kb3 Kc6 28. Ne1 f6 29. Nd3 g5 30. f4 Be2 31. Nb4+ Kb7 32. f5 fxe5 33. fxe6 Bxb4
34. Kxb4 exd4 35. e7 Bh5 36. Nf3 Kc7 37. Nxd4 Kd7 38. Nf5 Bg6 39. Nxh6 Kxe7 40.
Kc3 Ke6 41. Kd4 Bf5 42. Nxf5 Kxf5 43. Kxd5 Kg4 44. h4 b5 45. hxg5 Kxg5 46. Kc5
a6 47. Kb6 Kg4 48. Kxa6 b4 49. axb4 Kxg3 50. b5 1-0

[Event "CYCC U12"]
[Site "Regina CAN"]
[Date "2019.07.08"]
[Round "3.88"]
[White "Hu, Raymond"]
[Black "Rocan, Felix"]
[Result "1-0"]
[WhiteElo "1504"]
[BlackElo "1150"]
[PlyCount "89"]
[EventDate "2019.07.07"]
[EventType "swiss"]
[EventRounds "7"]
[EventCountry "CAN"]

1. e4 e5 2. Nf3 Nc6 3. Nc3 Nf6 4. Bb5 d5 5. exd5 Nxd5 6. Nxe5 Nxc3 7. bxc3 Bd7
8. Nxc6 bxc6 9. Bc4 Bc5 10. O-O O-O 11. d4 Bd6 12. Be2 c5 13. Bf3 Rb8 14. Ba3
Bb5 15. Re1 cxd4 16. Bxd6 cxd6 17. cxd4 f5 18. Bd5+ Kh8 19. c4 Ba6 20. h3 Bb7
21. Qf3 Qb6 22. Bxb7 Rxb7 23. Qxf5 Qd8 24. Qc2 Qf6 25. Qd2 Rfb8 26. a3 Rb2 27.
Qxb2 Qf8 28. Qc3 h6 29. c5 Rc8 30. c6 Qd8 31. Rec1 Rc7 32. Rab1 Qc8 33. Rb7
Rxb7 34. cxb7 Qxb7 35. Qc8+ Qxc8 36. Rxc8+ Kh7 37. Rd8 g5 38. Rxd6 a5 39. Ra6
a4 40. Rxa4 Kg6 41. d5 Kf7 42. d6 Ke8 43. Rd4 Kd7 44. a4 Kc6 45. d7 1-0

[Event "CYCC U12"]
[Site "Regina CAN"]
[Date "2019.07.08"]
[Round "3.89"]
[White "Pan, Thomas"]
[Black "Wang, Daniel"]
[Result "0-1"]
[WhiteElo "1137"]
[BlackElo "1406"]
[PlyCount "72"]
[EventDate "2019.07.07"]
[EventType "swiss"]
[EventRounds "7"]
[EventCountry "CAN"]

1. d4 d5 2. Nf3 Nf6 3. e3 Bf5 4. Bd3 Bxd3 5. Qxd3 e6 6. Nbd2 Nbd7 7. b3 Bd6 8.
Bb2 O-O 9. O-O Rc8 10. Rac1 c5 11. c4 b6 12. Ne5 Qc7 13. f4 Rfe8 14. Ndf3 Ne4
15. Qc2 Bxe5 16. Nxe5 Nxe5 17. fxe5 Qe7 18. cxd5 exd5 19. Rf4 Qb7 20. Qe2 cxd4
21. exd4 Rxc1+ 22. Bxc1 Qc7 23. Ba3 Qc3 24. Bb2 Qc7 25. Qb5 Rd8 26. Rf1 Qc2 27.
Ba3 Qd2 28. h3 Qxd4+ 29. Kh2 Qxe5+ 30. Kg1 Ng3 31. Rd1 Qe3+ 32. Kh2 d4 33. Qc6
Qe5 34. Bb4 d3 35. Re1 Ne2+ 36. Kh1 h6 0-1

[Event "CYCC U12"]
[Site "Regina CAN"]
[Date "2019.07.08"]
[Round "3.90"]
[White "Lin, Joey"]
[Black "Yim, Warren"]
[Result "1-0"]
[WhiteElo "1255"]
[BlackElo "697"]
[PlyCount "91"]
[EventDate "2019.07.07"]
[EventType "swiss"]
[EventRounds "7"]
[EventCountry "CAN"]

1. e4 e5 2. Nf3 Nc6 3. d4 d5 4. dxe5 dxe4 5. Qxd8+ Nxd8 6. Nfd2 Bb4 7. c3 e3 8.
cxb4 exd2+ 9. Bxd2 Nc6 10. f4 Nge7 11. Bd3 Nd5 12. b5 Nd4 13. Be4 c6 14. bxc6
bxc6 15. O-O O-O 16. Nc3 Nxc3 17. bxc3 Ne6 18. Bxc6 Rb8 19. Be3 Ba6 20. Rf2
Rfc8 21. Bd7 Rxc3 22. Bxa7 Rd8 23. Bxe6 fxe6 24. h3 Rcd3 25. Bc5 Rd1+ 26. Rxd1
Rxd1+ 27. Kh2 Rc1 28. Bd6 Rd1 29. a3 Bb5 30. Rc2 Kf7 31. Rc7+ Ke8 32. Rxg7 Bc6
33. Rxh7 Rd2 34. Rg7 Kd8 35. Be7+ Kc8 36. Bd6 Kd8 37. h4 Be8 38. Kh3 Rd3+ 39.
Rg3 Rd1 40. Kg4 Rd4 41. Kg5 Kd7 42. Rc3 Kd8 43. h5 Bf7 44. h6 Bg8 45. Rb3 Ra4
46. Rb8+ 1-0

[Event "CYCC U12"]
[Site "Regina CAN"]
[Date "2019.07.08"]
[Round "3.91"]
[White "He, Matthew"]
[Black "Levesque, Remy"]
[Result "1-0"]
[WhiteElo "1161"]
[BlackElo "1047"]
[PlyCount "59"]
[EventDate "2019.07.07"]
[EventType "swiss"]
[EventRounds "7"]
[EventCountry "CAN"]

1. d4 Nc6 2. d5 Na5 3. e4 e5 4. dxe6 fxe6 5. Qh5+ g6 6. Qxa5 Bh6 7. Qe5 Qf6 8.
Qxf6 Nxf6 9. Bxh6 Nxe4 10. Nd2 Nc5 11. Ngf3 b6 12. O-O-O Ba6 13. Bxa6 Nxa6 14.
c3 O-O-O 15. Ne5 Rhg8 16. Ne4 d6 17. Nf6 dxe5 18. Rxd8+ Kxd8 19. Nxg8 Nc5 20.
Rd1+ Kc8 21. b4 Ne4 22. f3 Nxc3 23. Kc2 Nxa2 24. Kb3 Nxb4 25. Kxb4 a5+ 26. Kb5
g5 27. Ka6 c6 28. Kxb6 c5 29. Ne7+ Kb8 30. Rd8# 1-0

[Event "CYCC U12"]
[Site "Regina CAN"]
[Date "2019.07.08"]
[Round "3.92"]
[White "Pathak, Pranav"]
[Black "Boucher, Samuel"]
[Result "1-0"]
[WhiteElo "1260"]
[BlackElo "898"]
[PlyCount "89"]
[EventDate "2019.07.07"]
[EventType "swiss"]
[EventRounds "7"]
[EventCountry "CAN"]

1. e4 e5 2. Nf3 Nc6 3. Bb5 d6 4. h3 a6 5. Ba4 b5 6. Bb3 Nf6 7. d3 d5 8. Nc3 Bb4
9. Bd2 Bxc3 10. Bxc3 d4 11. Bd2 O-O 12. O-O Bb7 13. c3 a5 14. a3 Ba6 15. Bc2 a4
16. Re1 Re8 17. cxd4 exd4 18. Bg5 h6 19. Bh4 g5 20. Bg3 b4 21. Bxa4 Re6 22. Qc2
Qd7 23. Red1 Bb7 24. Ne5 Qe8 25. Rac1 Ra6 26. axb4 Nd7 27. Nxd7 Qxd7 28. b5 Nb4
29. Qb3 c6 30. bxa6 Nxa6 31. Qc4 Nc7 32. b4 Ba6 33. Qc5 Bb5 34. Bxb5 cxb5 35.
Qxc7 Qe8 36. Qc8 Qxc8 37. Rxc8+ Kg7 38. Rdc1 Ra6 39. Be5+ Kh7 40. Rh8+ Kg6 41.
Rcc8 Ra1+ 42. Kh2 Rd1 43. Rcg8+ Kh5 44. g4+ Kh4 45. Rxh6# 1-0

[Event "CYCC U12"]
[Site "Regina CAN"]
[Date "2019.07.08"]
[Round "3.93"]
[White "Levac, Guillaume"]
[Black "Zeng, Gordon"]
[Result "0-1"]
[WhiteElo "914"]
[BlackElo "780"]
[PlyCount "86"]
[EventDate "2019.07.07"]
[EventType "swiss"]
[EventRounds "7"]
[EventCountry "CAN"]

1. e4 e5 2. Nf3 Nc6 3. Nc3 Bc5 4. Bb5 d6 5. Bxc6+ bxc6 6. O-O Nf6 7. d3 O-O 8.
Bg5 Be6 9. Bxf6 Qxf6 10. Qd2 h6 11. Na4 Bb6 12. Nxb6 cxb6 13. Qc3 Rac8 14. Qa3
a5 15. Qxd6 Rfd8 16. Qxe5 Qg6 17. Nh4 Qf6 18. Qxf6 gxf6 19. Nf5 Kh7 20. Ne7 Rc7
21. Nf5 Kg6 22. Nh4+ Kg5 23. Nf3+ Kf4 24. Nh4 Rd4 25. g3+ Kg4 26. f3+ Kg5 27.
f4+ Kg4 28. Nf3 Rb4 29. Kg2 Kh5 30. Kg1 Kg6 31. Nh4+ Kg7 32. Nf5+ Bxf5 33. exf5
Rxb2 34. c4 b5 35. Rab1 Rxa2 36. cxb5 cxb5 37. Rxb5 Rd7 38. Rd1 Re7 39. d4 Ree2
40. d5 Rg2+ 41. Kf1 Raf2+ 42. Ke1 Ra2 43. d6 Rg1# 0-1

[Event "CYCC U12"]
[Site "Regina CAN"]
[Date "2019.07.08"]
[Round "3.94"]
[White "Han, Yi"]
[Black "Shan, Eric"]
[Result "1/2-1/2"]
[WhiteElo "738"]
[BlackElo "902"]
[PlyCount "144"]
[EventDate "2019.07.07"]
[EventType "swiss"]
[EventRounds "7"]
[EventCountry "CAN"]

1. e4 e5 2. Nf3 Nc6 3. Bb5 Bc5 4. d3 h6 5. Bxc6 dxc6 6. O-O Bg4 7. h3 Bh5 8.
Re1 Nf6 9. Nc3 O-O 10. Be3 Bxe3 11. Rxe3 Re8 12. Re1 Qd7 13. Qe2 Rad8 14. Qd1
Nh7 15. Re3 Ng5 16. Nxe5 Rxe5 17. Qxh5 Qe7 18. Qd1 f5 19. Qe2 f4 20. Rf3 Nxf3+
21. Qxf3 Rf8 22. Ne2 Qf6 23. Rd1 Rg5 24. Re1 Rc5 25. Nc3 Rxc3 26. bxc3 Qxc3 27.
Rc1 Qd2 28. Qd1 Qxd1+ 29. Rxd1 f3 30. g3 Kf7 31. d4 Re8 32. e5 Rd8 33. c3 b5
34. Rd3 c5 35. Rxf3+ Ke6 36. Rd3 cxd4 37. cxd4 c5 38. Rb3 cxd4 39. Rxb5 d3 40.
Rb1 d2 41. Rd1 Kxe5 42. Kf1 Ke4 43. Ke2 Rd7 44. f4 g5 45. fxg5 hxg5 46. h4 gxh4
47. gxh4 Kf4 48. Rxd2 Re7+ 49. Kd1 Kg4 50. Kc2 Kxh4 51. Kc3 Rb7 52. Rd4+ Kg5
53. Rb4 Rc7+ 54. Kb3 Kf5 55. Rb8 Ke5 56. Rd8 a5 57. Ka4 Ra7 58. Rb8 Kd5 59.
Rb5+ Kc6 60. Rxa5 Rxa5+ 61. Kxa5 Kc5 62. a4 Kc6 63. Kb4 Kb6 64. a5+ Ka6 65. Ka4
Ka7 66. Kb5 Kb7 67. a6+ Ka7 68. Ka5 Ka8 69. Kb6 Kb8 70. Ka5 Ka7 71. Kb5 Ka8 72.
Kb6 Kb8 1/2-1/2

[Event "CYCC U12"]
[Site "Regina CAN"]
[Date "2019.07.08"]
[Round "4.81"]
[White "Ajith, Aayush"]
[Black "Chandra, Anand"]
[Result "1/2-1/2"]
[WhiteElo "1810"]
[BlackElo "2034"]
[PlyCount "36"]
[EventDate "2019.07.07"]
[EventType "swiss"]
[EventRounds "7"]
[EventCountry "CAN"]

1. d4 d5 2. c4 e6 3. Nc3 Nf6 4. Bf4 Be7 5. Rc1 c6 6. e3 O-O 7. Nf3 b6 8. Bd3
Bb7 9. h3 dxc4 10. Bxc4 c5 11. O-O Nc6 12. dxc5 Bxc5 13. a3 Re8 14. Bh2 a6 15.
Qe2 Bd6 16. Bxd6 Qxd6 17. Rfd1 Qe7 18. e4 Nd7 1/2-1/2

[Event "CYCC U12"]
[Site "Regina CAN"]
[Date "2019.07.08"]
[Round "4.82"]
[White "Sharma, Vishruth"]
[Black "Xu, Daniel"]
[Result "0-1"]
[WhiteElo "1765"]
[BlackElo "2098"]
[PlyCount "70"]
[EventDate "2019.07.07"]
[EventType "swiss"]
[EventRounds "7"]
[EventCountry "CAN"]

1. e4 c5 2. Nf3 d6 3. d4 cxd4 4. Nxd4 Nf6 5. Nc3 a6 6. f3 e5 7. Nb3 Be6 8. Be3
Be7 9. Qd2 O-O 10. O-O-O Nbd7 11. g4 b5 12. Rg1 b4 13. Nd5 Bxd5 14. exd5 a5 15.
g5 Nh5 16. Kb1 a4 17. Nc1 Qb8 18. Be2 Rc8 19. Rg4 Nf4 20. Bxf4 exf4 21. h4 b3
22. cxb3 axb3 23. Nxb3 Qa7 24. a3 Rab8 25. Na5 Ne5 26. Rxf4 Bd8 27. Ra4 Ra8 28.
b4 Qd7 29. b5 Qa7 30. f4 Ng6 31. Bg4 Rc5 32. h5 Rxb5+ 33. Ka2 Rxa5 34. hxg6
Rxa4 35. gxh7+ Kh8 0-1

[Event "CYCC U12"]
[Site "Regina CAN"]
[Date "2019.07.08"]
[Round "4.83"]
[White "Srinivasan, Hemant"]
[Black "Qin, Kevin"]
[Result "1/2-1/2"]
[WhiteElo "1911"]
[BlackElo "1676"]
[PlyCount "152"]
[EventDate "2019.07.07"]
[EventType "swiss"]
[EventRounds "7"]
[EventCountry "CAN"]

1. d4 d5 2. c4 c6 3. Nc3 Nf6 4. Nf3 g6 5. Bf4 Bg7 6. e3 O-O 7. Be2 dxc4 8. a4
Nbd7 9. e4 a5 10. Bxc4 c5 11. d5 Nb6 12. Be2 e6 13. dxe6 Qxd1+ 14. Rxd1 Bxe6
15. O-O Bb3 16. Ra1 Rac8 17. Bb5 Rfd8 18. Rfe1 h6 19. h3 Ne8 20. Nd2 Bc2 21.
Rec1 Bd3 22. Bxd3 Rxd3 23. Nb3 Nc4 24. Nd5 Bxb2 25. Rxc4 Bxa1 26. Nxa1 Rd8 27.
Nc2 g5 28. Be5 f5 29. f3 fxe4 30. fxe4 Nd6 31. Bxd6 Rxd6 32. Rxc5 b6 33. Rb5
Rd1+ 34. Kh2 Rc1 35. Nce3 Re1 36. Kg3 Ra1 37. Nc4 Re6 38. Ncxb6 Re1 39. Kf3 Kg7
40. Rxa5 R1xe4 41. Ra7+ Kg6 42. a5 Re1 43. a6 Rf1+ 44. Kg3 Ra1 45. Ra8 h5 46.
h4 gxh4+ 47. Kxh4 Re4+ 48. Kg3 Rg4+ 49. Kf3 Ra3+ 50. Ne3 Rb4 51. a7 Kg7 52. Nc8
Rab3 53. Ne7 Ra4 54. Rg8+ Kf7 55. a8=Q Rxa8 56. Rxa8 Kxe7 57. Ra5 h4 58. Ra4 h3
59. gxh3 Kf6 60. Rg4 Rb8 61. h4 Rh8 62. Nd5+ Kf5 63. Rg5+ Ke6 64. Nf4+ Kf6 65.
Kg4 Ra8 66. h5 Ra1 67. Rg6+ Kf7 68. Kf5 Ra5+ 69. Kg4 Ra7 70. Kf3 Ra3+ 71. Kg2
Ra2+ 72. Kf3 Ra3+ 73. Kf2 Ra2+ 74. Ke3 Ra3+ 75. Nd3 Ra5 76. Nf4 Rxh5 1/2-1/2

[Event "CYCC U12"]
[Site "Regina CAN"]
[Date "2019.07.08"]
[Round "4.84"]
[White "Wang, Daniel"]
[Black "Zhu, Matthew"]
[Result "0-1"]
[WhiteElo "1406"]
[BlackElo "1863"]
[PlyCount "68"]
[EventDate "2019.07.07"]
[EventType "swiss"]
[EventRounds "7"]
[EventCountry "CAN"]

1. e4 c5 2. Nf3 d6 3. d4 cxd4 4. Nxd4 Nf6 5. Nc3 a6 6. Be2 e5 7. Nb3 Be7 8. Be3
Be6 9. O-O O-O 10. f4 Nbd7 11. f5 Bxb3 12. axb3 Rc8 13. Bf3 Nb6 14. Qe1 Qc7 15.
Qg3 Rfd8 16. Bh6 Bf8 17. Bg5 Be7 18. Bh6 Ne8 19. Bh5 Bf6 20. Rf3 d5 21. Qg4 d4
22. Na4 Nxa4 23. Rxa4 Qxc2 24. Ra2 Qb1+ 25. Rf1 Qxa2 26. Rf3 Qb1+ 27. Kf2 Qxb2+
28. Kg1 Qb1+ 29. Kf2 Rc2+ 30. Kg3 Qe1+ 31. Kh3 Rc3 32. Rg3 Rxg3+ 33. Qxg3 Qxg3+
34. Kxg3 gxh6 0-1

[Event "CYCC U12"]
[Site "Regina CAN"]
[Date "2019.07.08"]
[Round "4.85"]
[White "Srinivas, Atharva"]
[Black "Lin, Joey"]
[Result "1-0"]
[WhiteElo "1742"]
[BlackElo "1255"]
[PlyCount "41"]
[EventDate "2019.07.07"]
[EventType "swiss"]
[EventRounds "7"]
[EventCountry "CAN"]

1. e4 c5 2. Nc3 Nc6 3. g3 d6 4. Bg2 Nf6 5. d3 g6 6. f4 Bg7 7. Nf3 O-O 8. O-O a6
9. a3 b5 10. e5 dxe5 11. Nxe5 Qd4+ 12. Kh1 Nxe5 13. Bxa8 Bg4 14. Qe1 Nxd3 15.
cxd3 Rxa8 16. Be3 Qd6 17. Qd2 Bh3 18. Rfe1 Nd5 19. Nxd5 Qxd5+ 20. Kg1 Bxb2 21.
Qxb2 1-0